| 000 | 00557nam a2200205Ia 4500 | ||
|---|---|---|---|
| 005 | 20260429111917.0 | ||
| 008 | 260429s9999||||xx |||||||||||||| ||und|| | ||
| 020 | _a9788119671106 | ||
| 041 | _aEnglish | ||
| 082 |
_a658 _bRAM |
||
| 100 | _aRamanathan, Thirumalai | ||
| 245 | 0 |
_aPrinciples of management / _cThirumalai Ramanathan |
|
| 260 |
_aChennai : _bNational Academic Press, _c2025. |
||
| 300 | _ax, 215 p.; hb | ||
| 650 | _aManagement | ||
| 700 | _a Mannayee, Giriraj | ||
| 700 | _a Ravikumar, A R | ||
| 700 | _a Seenivasan, M. | ||
| 942 | _cTB | ||
| 999 |
_c51386 _d51386 |
||